[Event "Landesliga Sued 1314"]
[Site "Bayern"]
[Date "2014.04.06"]
[Round "9.2"]
[White "Guttenthaler, Franz"]
[Black "Jussupow, Alexander"]
[Result "1-0"]
[WhiteElo "2233"]
[BlackElo "2174"]
[PlyCount "53"]
[EventDate "2013.10.13"]
[EventType "team-tourn"]
[EventRounds "9"]
[EventCountry "GER"]
[SourceTitle "EXT 2015"]
[Source "ChessBase"]
[SourceDate "2014.11.20"]
[SourceVersion "1"]
[SourceVersionDate "2014.11.20"]
[SourceQuality "1"]
[WhiteTeam "Germering"]
[BlackTeam "Krumbach"]
[WhiteTeamCountry "GER"]
[BlackTeamCountry "GER"]

1. d4 d5 2. c4 Nc6 3. cxd5 Qxd5 4. Nf3 e5 5. Nc3 Bb4 6. Bd2 Bxc3 7. Bxc3 e4 8. Nd2 e3 9. fxe3 Nf6 10. e4 Nxe4 11. e3 Nxd2 12. Qxd2 Bf5 13. b3 0-0-0 14. Bc4 Qe4 15. 0-0 Be6 16. Rf4 Qg6 17. Raf1 Rhe8 18. Bd3 Qh6 19. Qf2 f5 20. Rh4 Qg5 21. Bd2 g6 22. Rxh7 Ne5 23. Be2 Ng4 24. Qg3 Rd7 25. Rxd7 Bxd7 26. h3 Rxe3 27. hxg4 1-0

[Event "Landesliga Sued 1314"]
[Site "Bayern"]
[Date "2013.12.15"]
[Round "4.1"]
[White "Riediger, Martin"]
[Black "Jussupow, Alexander"]
[Result "1/2-1/2"]
[WhiteElo "2258"]
[BlackElo "2174"]
[PlyCount "39"]
[EventDate "2013.10.13"]
[EventType "team-tourn"]
[EventRounds "9"]
[EventCountry "GER"]
[SourceTitle "EXT 2015"]
[Source "ChessBase"]
[SourceDate "2014.11.20"]
[SourceVersion "1"]
[SourceVersionDate "2014.11.20"]
[SourceQuality "1"]
[WhiteTeam "Rottal"]
[BlackTeam "Krumbach"]
[WhiteTeamCountry "GER"]
[BlackTeamCountry "GER"]

1. g3 e6 2. Bg2 Nf6 3. Nf3 b6 4. 0-0 Bb7 5. c4 Be7 6. d4 0-0 7. Nc3 Ne4 8. Bd2 f5 9. Ne1 Nxc3 10. Bxc3 Bxg2 11. Nxg2 Bf6 12. Qc2 Nc6 13. Rad1 Qe7 14. e4 fxe4 15. Qxe4 Rae8 16. d5 Nd8 17. Bxf6 Rxf6 18. Nf4 e5 19. Nd3 Nf7 20. f4 1/2-1/2

[Event "Landesliga Sued 1314"]
[Site "Bayern"]
[Date "2013.11.24"]
[Round "3.2"]
[White "Hausner, Ivan"]
[Black "Jussupow, Alexander"]
[Result "1-0"]
[WhiteElo "2370"]
[BlackElo "2174"]
[PlyCount "37"]
[EventDate "2013.10.13"]
[EventType "team-tourn"]
[EventRounds "9"]
[EventCountry "GER"]
[SourceTitle "EXT 2015"]
[Source "ChessBase"]
[SourceDate "2014.11.20"]
[SourceVersion "1"]
[SourceVersionDate "2014.11.20"]
[SourceQuality "1"]
[WhiteTeam "Goeggingen"]
[BlackTeam "Krumbach"]
[WhiteTeamCountry "GER"]
[BlackTeamCountry "GER"]

1. c4 e6 2. g3 d5 3. Bg2 Nf6 4. Nf3 dxc4 5. Qa4+ Nbd7 6. Qxc4 c5 7. Qc2 Be7 8. 0-0 0-0 9. d4 a6 10. Nc3 Ra7 11. e4 b5 12. e5 Nd5 13. Nxd5 exd5 14. dxc5 Bxc5 15. Ng5 g6 16. e6 fxe6 17. Nxe6 Qe7 18. Nxf8 Nxf8 19. Bg5 1-0

[Event "Landesliga Sued 1314"]
[Site "Bayern"]
[Date "2013.10.13"]
[Round "1.2"]
[White "Mooser, Stefan"]
[Black "Jussupow, Alexander"]
[Result "1-0"]
[WhiteElo "2206"]
[BlackElo "2174"]
[PlyCount "67"]
[EventDate "2013.10.13"]
[EventType "team-tourn"]
[EventRounds "9"]
[EventCountry "GER"]
[SourceTitle "EXT 2015"]
[Source "ChessBase"]
[SourceDate "2014.11.20"]
[SourceVersion "1"]
[SourceVersionDate "2014.11.20"]
[SourceQuality "1"]
[WhiteTeam "Unterhaching"]
[BlackTeam "Krumbach"]
[WhiteTeamCountry "GER"]
[BlackTeamCountry "GER"]

1. e4 e6 2. d4 d5 3. Nd2 Nf6 4. Bd3 c5 5. e5 Nfd7 6. c3 Nc6 7. Ne2 cxd4 8. cxd4 f6 9. exf6 Qxf6 10. Nf3 h6 11. 0-0 Bd6 12. Be3 0-0 13. Nc3 Rd8 14. Rc1 Nf8 15. Re1 Bd7 16. Na4 Be8 17. Nc5 Qe7 18. a3 Rac8 19. Be2 Rc7 20. Nd3 Ng6 21. g3 Rdc8 22. Qd2 Qf6 23. b4 b6 24. Rc2 a5 25. Rec1 axb4 26. axb4 Qe7 27. Bf1 Qf8 28. Be2 Qf7 29. h4 Nge7 30. Nfe5 Nxe5 31. dxe5 Rxc2 32. Rxc2 Bc7 33. Qc1 Bd7 34. Rxc7 1-0

[Event "Bayern-ch 83th"]
[Site "Bayerisch Eisenstein"]
[Date "2012.08.19"]
[Round "2"]
[White "Jussupow, Alexander"]
[Black "Walter, Florian"]
[Result "1-0"]
[WhiteElo "2175"]
[BlackElo "2081"]
[PlyCount "75"]
[EventDate "2012.08.18"]
[EventType "swiss"]
[EventRounds "9"]
[EventCountry "GER"]
[SourceTitle "EXT 2013"]
[Source "ChessBase"]
[SourceDate "2012.11.22"]
[SourceVersion "1"]
[SourceVersionDate "2012.11.22"]
[SourceQuality "1"]

1. d4 d5 2. Nf3 Nf6 3. e3 c5 4. b3 Bg4 5. Bd3 Nc6 6. Bb2 e6 7. Nbd2 Bd6 8. h3 Bh5 9. 0-0 0-0 10. c4 Qe7 11. a3 b6 12. Qc2 Bg6 13. Ne5 Bxd3 14. Qxd3 Rac8 15. cxd5 exd5 16. Nxc6 Rxc6 17. dxc5 bxc5 18. Bxf6 Qxf6 19. Qxd5 Rd8 20. Qc4 Bh2+ 21. Kxh2 Rxd2 22. Kg1 Qd6 23. Rac1 Qd3 24. b4 Qxc4 25. Rxc4 Rd3 26. a4 Rb3 27. bxc5 Kf8 28. Rd1 Ke7 29. Kf1 Rb7 30. Re4+ Kf6 31. Rd6+ Rxd6 32. cxd6 Rd7 33. Rd4 Ke6 34. Ke2 f5 35. Kd3 g6 36. Kc4 h6 37. Kc5 g5 38. Kc6 1-0

[Event "Landesliga Sued 1112"]
[Site "Bayern"]
[Date "2012.03.18"]
[Round "8.5"]
[White "Jussupow, Alexander"]
[Black "Bauer, Robert"]
[Result "1/2-1/2"]
[WhiteElo "2155"]
[BlackElo "2098"]
[PlyCount "174"]
[EventDate "2011.10.02"]
[EventType "team-tourn"]
[EventRounds "9"]
[EventCountry "GER"]
[SourceTitle "EXT 2015"]
[Source "ChessBase"]
[SourceDate "2014.11.20"]
[SourceVersion "1"]
[SourceVersionDate "2014.11.20"]
[SourceQuality "1"]
[WhiteTeam "Krumbach"]
[BlackTeam "Freising"]
[WhiteTeamCountry "GER"]
[BlackTeamCountry "GER"]

1. d4 Nf6 2. Nf3 e6 3. Bg5 h6 4. Bh4 g5 5. Bg3 Ne4 6. Nbd2 Nxg3 7. hxg3 Bg7 8. e4 d6 9. Bd3 g4 10. Nh4 Qg5 11. c3 Nc6 12. Qe2 Bd7 13. 0-0-0 0-0-0 14. f4 gxf3 15. gxf3 Rde8 16. f4 Qe7 17. Qh5 Reg8 18. Kb1 Kb8 19. Rdg1 Be8 20. Qf3 Bf6 21. e5 Bg7 22. g4 d5 23. g5 hxg5 24. fxg5 Bxe5 25. dxe5 Nxe5 26. Qe3 Nxd3 27. Qxd3 Rxg5 28. Nhf3 Rxg1+ 29. Rxg1 f6 30. c4 c6 31. Nd4 Bd7 32. cxd5 cxd5 33. Re1 Qh7 34. Qxh7 Rxh7 35. N2f3 e5 36. Nxe5 fxe5 37. Rxe5 Bc6 38. Kc2 Kc7 39. Kc3 Rh3+ 40. Kb4 Kb6 41. Nxc6 bxc6 42. Re7 a5+ 43. Ka4 Rh4+ 44. Kb3 Rh3+ 45. Ka4 Rh4+ 46. Kb3 Rb4+ 47. Kc3 Rc4+ 48. Kd3 a4 49. Re8 Kc5 50. Ra8 Rh4 51. Ra5+ Kb6 52. Ra8 c5 53. Rb8+ Kc7 54. Ra8 Kb7 55. Rd8 Rd4+ 56. Kc3 Kc7 57. Ra8 Rc4+ 58. Kd3 Rb4 59. Kc3 Rh4 60. Ra6 Kb7 61. Rd6 Rh3+ 62. Kc2 d4 63. b4 axb3+ 64. axb3 Rc3+ 65. Kb2 Kc7 66. Rh6 Re3 67. Kc2 Re2+ 68. Kc1 Kd7 69. Rb6 Re6 70. Rb8 Kc6 71. Kd2 Kd5 72. Rb5 Kc6 73. Rb8 Re3 74. Rc8+ Kd6 75. Rb8 Rh3 76. Rb7 Kc6 77. Rb8 Rh7 78. Kd3 Rh3+ 79. Kd2 Rc3 80. Kd1 Rg3 81. Kd2 Kc7 82. Rb5 Kd6 83. Rb8 Rg5 84. Kd3 Kc6 85. Kd2 Kd5 86. Kd3 Re5 87. Rb7 Re3+ 1/2-1/2

[Event "Landesliga Sued 1112"]
[Site "Bayern"]
[Date "2012.02.26"]
[Round "7.5"]
[White "Baeuml, Ulrich"]
[Black "Jussupow, Alexander"]
[Result "1/2-1/2"]
[WhiteElo "2023"]
[BlackElo "2155"]
[PlyCount "56"]
[EventDate "2011.10.02"]
[EventType "team-tourn"]
[EventRounds "9"]
[EventCountry "GER"]
[SourceTitle "EXT 2015"]
[Source "ChessBase"]
[SourceDate "2014.11.20"]
[SourceVersion "1"]
[SourceVersionDate "2014.11.20"]
[SourceQuality "1"]
[WhiteTeam "Dillingen"]
[BlackTeam "Krumbach"]
[WhiteTeamCountry "GER"]
[BlackTeamCountry "GER"]

1. g3 d5 2. Bg2 Nf6 3. c4 e6 4. Nf3 dxc4 5. Qa4+ Nbd7 6. Qxc4 c5 7. 0-0 b6 8. d4 Bb7 9. Nc3 Rc8 10. Rd1 cxd4 11. Qxd4 Bc5 12. Qa4 Bc6 13. Qh4 Qc7 14. Bf4 Qb7 15. Bd6 Bxd6 16. Rxd6 0-0 17. Rad1 Nc5 18. b4 Nce4 19. Nxe4 Bxe4 20. R6d2 Bd5 21. Ne1 b5 22. Bxd5 Nxd5 23. Rd4 Rc4 24. Rxc4 bxc4 25. Qxc4 Rc8 26. Qb3 Qxb4 27. Qxb4 Nxb4 28. Rd7 Nxa2 1/2-1/2

[Event "Regionalliga SW 1011"]
[Site "Bayern"]
[Date "2011.04.10"]
[Round "9.2"]
[White "Jussupow, Alexander"]
[Black "Maugg, Ludwig"]
[Result "1-0"]
[WhiteElo "2134"]
[BlackElo "1990"]
[PlyCount "109"]
[EventDate "2010.10.10"]
[EventType "team-tourn"]
[EventRounds "9"]
[EventCountry "GER"]
[SourceTitle "EXT 2012"]
[Source "ChessBase"]
[SourceDate "2011.11.24"]
[SourceVersion "1"]
[SourceVersionDate "2011.11.24"]
[SourceQuality "1"]
[WhiteTeam "Krumbach II"]
[BlackTeam "Sonthofen"]
[WhiteTeamCountry "GER"]
[BlackTeamCountry "GER"]

1. d4 Nf6 2. Nf3 g6 3. Bf4 Bg7 4. h3 d6 5. e3 0-0 6. Be2 Nfd7 7. 0-0 e5 8. Bh2 Nc6 9. c3 Re8 10. dxe5 Ndxe5 11. Nbd2 Be6 12. Nd4 Qe7 13. Nxe6 Qxe6 14. e4 Qe7 15. Qb3 Rab8 16. Rae1 b5 17. Qd5 Na5 18. a3 c6 19. Qa2 Rec8 20. b4 Nb7 21. f4 Nd7 22. c4 a6 23. Bg4 Re8 24. Re2 Nd8 25. Kh1 Nf6 26. Bf3 Nd7 27. Rfe1 a5 28. cxb5 cxb5 29. bxa5 Nc6 30. e5 Nd4 31. exd6 Qxe2 32. Bxe2 Nxe2 33. Nf3 Nc3 34. Qd2 Ne4 35. Qa2 Bc3 36. Rd1 Bxa5 37. Ne5 Nxe5 38. fxe5 Nc3 39. Qc2 Nxd1 40. Qxd1 Red8 41. Bf4 b4 42. axb4 Rxb4 43. Bg5 Rdb8 44. Qf3 Rb3 45. Qf2 Rb1+ 46. Kh2 Bb6 47. Be3 Bd8 48. Qc2 R1b2 49. Qc6 Re2 50. Qe8+ Kg7 51. Bd4 Re4 52. e6+ Rxd4 53. exf7 Rf4 54. Qg8+ Kh6 55. f8Q+ 1-0

[Event "Regionalliga SW 1011"]
[Site "Bayern"]
[Date "2011.02.06"]
[Round "6.2"]
[White "Mueller, Werner3"]
[Black "Jussupow, Alexander"]
[Result "1/2-1/2"]
[WhiteElo "2095"]
[BlackElo "2134"]
[PlyCount "78"]
[EventDate "2010.10.10"]
[EventType "team-tourn"]
[EventRounds "9"]
[EventCountry "GER"]
[SourceTitle "EXT 2012"]
[Source "ChessBase"]
[SourceDate "2011.11.24"]
[SourceVersion "1"]
[SourceVersionDate "2011.11.24"]
[SourceQuality "1"]
[WhiteTeam "Goeggingen"]
[BlackTeam "Krumbach II"]
[WhiteTeamCountry "GER"]
[BlackTeamCountry "GER"]

1. e4 e6 2. d4 d5 3. Nc3 Bb4 4. e5 c5 5. a3 Bxc3+ 6. bxc3 Ne7 7. h4 Nbc6 8. h5 h6 9. Rh3 Qa5 10. Bd2 Qa4 11. Nf3 Nf5 12. Rb1 Qxa3 13. Ra1 Qb2 14. Rb1 Qa2 15. Ra1 Qb2 16. dxc5 d4 17. Rb1 Qa2 18. Rb3 dxc3 19. Bxc3 Qa4 20. Bd3 0-0 21. Qe2 Rd8 22. Bb5 Qf4 23. Bd2 Qg4 24. Bxc6 bxc6 25. Rb4 Rxd2 26. Rxg4 Rxe2+ 27. Kxe2 Ba6+ 28. Kd2 Rd8+ 29. Kc1 Bb5 30. Rf4 Rd5 31. g4 Ne7 32. Nd4 Rxe5 33. Ra3 g5 34. Rff3 a6 35. Nxb5 axb5 36. Ra8+ Kg7 37. Ra7 Kf8 38. Ra8+ Kg7 39. Ra7 Kf8 1/2-1/2

[Event "Zuerich op-A 34th"]
[Site "Zuerich"]
[Date "2010.12.29"]
[Round "6"]
[White "Jussupow, Alexander"]
[Black "Wyss, Jonas"]
[Result "0-1"]
[WhiteElo "2147"]
[BlackElo "2307"]
[PlyCount "36"]
[EventDate "2010.12.26"]
[EventType "swiss"]
[EventRounds "7"]
[EventCountry "SUI"]
[SourceTitle "CBM 140 Extra"]
[Source "ChessBase"]
[SourceDate "2011.03.01"]
[SourceVersion "1"]
[SourceVersionDate "2011.03.01"]
[SourceQuality "1"]

1. d4 Nf6 2. Bg5 c5 3. Nc3 cxd4 4. Qxd4 Nc6 5. Qh4 e6 6. 0-0-0 Be7 7. e4 d6 8. Nf3 Bd7 9. Bb5 Qc7 10. Rhe1 0-0-0 11. Bf4 Nxe4 12. Nxe4 Bxh4 13. Nxd6+ Kb8 14. Nxh4 e5 15. Bg3 Bg4 16. f3 Rxd6 17. Rxd6 Qxd6 18. Bxc6 Qxc6 0-1

[Event "Regionalliga SW 1011"]
[Site "Bayern"]
[Date "2010.12.12"]
[Round "4.2"]
[White "Jussupow, Alexander"]
[Black "Schreiner, Richard"]
[Result "0-1"]
[WhiteElo "2134"]
[BlackElo "2112"]
[PlyCount "72"]
[EventDate "2010.10.10"]
[EventType "team-tourn"]
[EventRounds "9"]
[EventCountry "GER"]
[SourceTitle "EXT 2012"]
[Source "ChessBase"]
[SourceDate "2011.11.24"]
[SourceVersion "1"]
[SourceVersionDate "2011.11.24"]
[SourceQuality "1"]
[WhiteTeam "Krumbach II"]
[BlackTeam "Garching II"]
[WhiteTeamCountry "GER"]
[BlackTeamCountry "GER"]

1. d4 Nf6 2. Bg5 e6 3. Nf3 d5 4. e3 Be7 5. Bd3 Nbd7 6. Nbd2 0-0 7. 0-0 b6 8. Ne5 Nxe5 9. dxe5 Nd7 10. Bxe7 Qxe7 11. f4 f6 12. exf6 Qxf6 13. c3 e5 14. fxe5 Qxe5 15. Rxf8+ Nxf8 16. Qf3 Bg4 17. Qf2 Re8 18. Re1 Ne6 19. Nf3 Bxf3 20. gxf3 Nf4 21. Bf1 c5 22. Qg3 d4 23. Bc4+ Kf8 24. Bb5 Re6 25. Qh4 Re7 26. Kh1 dxe3 27. Rd1 e2 28. Rd8+ Kf7 29. Bc4+ Kg6 30. Qg4+ Kh6 31. Qh4+ Nh5 32. Qe1 g5 33. Bd5 Qe3 34. c4 Nf4 35. Rd6+ Kg7 36. Bc6 Qc1 0-1

[Event "Bayern-ch 81st"]
[Site "Bad Koenigshofen"]
[Date "2010.08.28"]
[Round "8"]
[White "Jussupow, Alexander"]
[Black "Schatz, Christian"]
[Result "0-1"]
[WhiteElo "2134"]
[BlackElo "2151"]
[PlyCount "56"]
[EventDate "2010.08.22"]
[EventType "swiss"]
[EventRounds "9"]
[EventCountry "GER"]
[SourceTitle "EXT 2015"]
[Source "ChessBase"]
[SourceDate "2014.11.20"]
[SourceVersion "1"]
[SourceVersionDate "2014.11.20"]
[SourceQuality "1"]

1. d4 Nf6 2. Bg5 Ne4 3. Bf4 d5 4. f3 Nf6 5. Nc3 Bf5 6. Qd2 e6 7. g4 Bg6 8. h4 h6 9. Bg2 c6 10. Nh3 Nbd7 11. Bg3 Qa5 12. Nf4 Bd6 13. 0-0-0 Bh7 14. g5 Ng8 15. g6 fxg6 16. Qe3 Bxf4 17. Bxf4 Kf7 18. Bh3 Re8 19. Qf2 Ngf6 20. e4 b5 21. exd5 exd5 22. Rhe1 b4 23. Nb1 g5 24. Bd6 Nb6 25. b3 gxh4 26. Qxh4 Qxa2 27. Rd2 Nc4 28. Rg2 Qb2+ 0-1

[Event "Bayern-ch 81st"]
[Site "Bad Koenigshofen"]
[Date "2010.08.24"]
[Round "3"]
[White "Jussupow, Alexander"]
[Black "Brychcy, Felix"]
[Result "1-0"]
[WhiteElo "2134"]
[BlackElo "2067"]
[PlyCount "67"]
[EventDate "2010.08.22"]
[EventType "swiss"]
[EventRounds "9"]
[EventCountry "GER"]
[SourceTitle "EXT 2015"]
[Source "ChessBase"]
[SourceDate "2014.11.20"]
[SourceVersion "1"]
[SourceVersionDate "2014.11.20"]
[SourceQuality "1"]

1. d4 d5 2. c4 c6 3. e3 Nf6 4. Nf3 Bf5 5. Qb3 Qc7 6. cxd5 cxd5 7. Nc3 e6 8. Bd2 Nc6 9. Rc1 Be7 10. Ne5 0-0 11. Be2 Rfc8 12. 0-0 Rab8 13. f3 Qd8 14. g4 Bg6 15. h4 Nxe5 16. dxe5 Nxg4 17. fxg4 Bxh4 18. Nb5 Qg5 19. Nxa7 Rxc1 20. Rxc1 Qxe5 21. e4 Bxe4 22. Qc3 Qg3+ 23. Qxg3 Bxg3 24. Nb5 f6 25. a4 Rd8 26. a5 d4 27. b4 d3 28. Bd1 Bc6 29. Nc3 Be5 30. Kf2 Bd4+ 31. Be3 e5 32. b5 Bxc3 33. bxc6 Bxa5 34. cxb7 1-0

[Event "GER-ch U18"]
[Site "Oberhof"]
[Date "2010.05.29"]
[Round "9"]
[White "Kartsev, Alexandr"]
[Black "Jussupow, Alexander"]
[Result "1/2-1/2"]
[WhiteElo "2082"]
[BlackElo "2112"]
[PlyCount "84"]
[EventDate "2010.05.22"]
[EventType "swiss"]
[EventRounds "9"]
[EventCountry "GER"]
[SourceTitle "CBM 136 Extra"]
[Source "ChessBase"]
[SourceDate "2010.07.02"]
[SourceVersion "2"]
[SourceVersionDate "2010.07.15"]
[SourceQuality "1"]

1. d4 d5 2. c4 e6 3. Nc3 Nf6 4. cxd5 exd5 5. Bg5 Be7 6. e3 Nbd7 7. Bd3 0-0 8. Nge2 Re8 9. 0-0 c6 10. Qc2 Nf8 11. f3 Be6 12. Rad1 Rc8 13. e4 dxe4 14. fxe4 Ng4 15. Bf4 Ng6 16. Bc1 Bg5 17. Rf3 Bxc1 18. Qxc1 c5 19. Bb5 Qc7 20. Rg3 cxd4 21. Rxd4 Red8 22. Qd1 a6 23. Nd5 Qc5 24. Ba4 Bxd5 25. exd5 N6e5 26. h3 Nh6 27. Rc3 Qb6 28. Kh1 Qxb2 29. Rxc8 Rxc8 30. Bb3 Nf5 31. Rd2 Qa3 32. d6 Rd8 33. Qf1 Nxd6 34. Qf4 Nc6 35. Ng3 h6 36. Ne4 Nxe4 37. Qxf7+ Kh7 38. Qf5+ Kh8 39. Rxd8+ Nxd8 40. Qxe4 Qc1+ 41. Kh2 Qc7+ 42. Kh1 Qc1+ 1/2-1/2

[Event "GER-ch U18"]
[Site "Oberhof"]
[Date "2010.05.25"]
[Round "5"]
[White "Borgmeyer, Max"]
[Black "Jussupow, Alexander"]
[Result "1-0"]
[WhiteElo "2053"]
[BlackElo "2112"]
[PlyCount "63"]
[EventDate "2010.05.22"]
[EventType "swiss"]
[EventRounds "9"]
[EventCountry "GER"]
[SourceTitle "CBM 136 Extra"]
[Source "ChessBase"]
[SourceDate "2010.07.02"]
[SourceVersion "2"]
[SourceVersionDate "2010.07.15"]
[SourceQuality "1"]

1. e4 g6 2. d4 Bg7 3. Nc3 d6 4. Be3 a6 5. Qd2 Nd7 6. 0-0-0 b5 7. Kb1 Bb7 8. f3 c5 9. dxc5 dxc5 10. Nd5 e6 11. Nf4 Ne7 12. h4 h5 13. Ngh3 Bc6 14. Ng5 Bf6 15. Ngxe6 fxe6 16. Nxe6 Qb8 17. Bf4 Be5 18. g3 Kf7 19. Bh3 Nb6 20. Nxc5 Nc4 21. Be6+ Kg7 22. Bxc4 bxc4 23. Ne6+ Kf6 24. Bxe5+ Qxe5 25. Nd4 Rhd8 26. Qc3 Bb5 27. f4 Qxe4 28. Nxb5+ Kf7 29. Rde1 Qc6 30. Nd4 Qd5 31. Ne6 Rd6 32. Qg7+ 1-0

[Event "GER-ch U18"]
[Site "Oberhof"]
[Date "2010.05.24"]
[Round "3"]
[White "Zhou, Syang"]
[Black "Jussupow, Alexander"]
[Result "1/2-1/2"]
[WhiteElo "2206"]
[BlackElo "2112"]
[PlyCount "136"]
[EventDate "2010.05.22"]
[EventType "swiss"]
[EventRounds "9"]
[EventCountry "GER"]
[SourceTitle "CBM 136 Extra"]
[Source "ChessBase"]
[SourceDate "2010.07.02"]
[SourceVersion "2"]
[SourceVersionDate "2010.07.15"]
[SourceQuality "1"]

1. e4 g6 2. d4 Bg7 3. Nc3 d6 4. f4 a6 5. a4 Nc6 6. Be3 Nf6 7. d5 Nb4 8. Nf3 e6 9. dxe6 Bxe6 10. Be2 0-0 11. Nd4 Bd7 12. Bf3 c5 13. Nb3 Bc6 14. 0-0 Re8 15. Nd2 b6 16. Bf2 Qc7 17. Nc4 Rad8 18. Nd5 Nbxd5 19. exd5 Bd7 20. Re1 Bf5 21. Ne3 Be4 22. Bh4 c4 23. c3 Qc5 24. Bf2 Bxf3 25. Qxf3 Ne4 26. f5 Nxf2 27. Qxf2 Re4 28. fxg6 fxg6 29. Nc2 Qxd5 30. Qxb6 Rf8 31. Red1 Qf5 32. Rf1 Rf4 33. Rxf4 Qxf4 34. Qe3 Qf7 35. Re1 Be5 36. Qe2 Kg7 37. g3 Qd5 38. Ne3 Qc5 39. Qxc4 Qb6 40. Re2 Rf3 41. Qe4 Rf7 42. Kg2 Qb3 43. Qc4 Qb7+ 44. Qd5 Qd7 45. Nc4 Qf5 46. Ne3 Qb1 47. Nd1 h5 48. Nf2 Qf5 49. Qd3 Qc8 50. Qe4 Rf5 51. Nd3 Qd7 52. Rf2 Rxf2+ 53. Kxf2 Qf7+ 54. Kg2 Qb3 55. Nxe5 Qxb2+ 56. Kh3 dxe5 57. Qxe5+ Kh7 58. Qe7+ Kh6 59. Qe3+ Kh7 60. Qa7+ Kh6 61. Qe3+ Kh7 62. Qe7+ Kh6 63. Qf6 Qe2 64. Qf4+ Kh7 65. c4 Qe6+ 66. Kg2 Qe2+ 67. Kg1 Qd1+ 68. Qf1 Qxa4 1/2-1/2

[Event "GER-ch U18"]
[Site "Oberhof"]
[Date "2010.05.23"]
[Round "1"]
[White "Geske, Julian"]
[Black "Jussupow, Alexander"]
[Result "1-0"]
[WhiteElo "2311"]
[BlackElo "2112"]
[PlyCount "63"]
[EventDate "2010.05.22"]
[EventType "swiss"]
[EventRounds "9"]
[EventCountry "GER"]
[SourceTitle "CBM 136 Extra"]
[Source "ChessBase"]
[SourceDate "2010.07.02"]
[SourceVersion "2"]
[SourceVersionDate "2010.07.15"]
[SourceQuality "1"]

1. e4 g6 2. d4 Bg7 3. Nc3 d6 4. f4 a6 5. Nf3 b5 6. Bd3 Bb7 7. Qe2 Nd7 8. e5 Nh6 9. Ne4 0-0 10. 0-0 c5 11. c3 Qb6 12. Kh1 Rad8 13. Be3 c4 14. Bc2 d5 15. Nf2 f5 16. g4 fxg4 17. Ng5 Bc8 18. Nxg4 Nb8 19. Nxh6+ Bxh6 20. f5 Bxf5 21. Bxf5 gxf5 22. e6 Rf6 23. Rg1 Rg6 24. Nf7 Bxe3 25. Qxe3 Rf8 26. Qe5 Rxf7 27. exf7+ Kxf7 28. Rae1 e6 29. Qh8 Rxg1+ 30. Rxg1 Ke7 31. Rg7+ Kd6 32. Qf8+ 1-0

[Event "Krakow op 20th"]
[Site "Krakow"]
[Date "2009.12.31"]
[Round "5"]
[White "Bartel, Michal"]
[Black "Jussupow, Alexander"]
[Result "1-0"]
[WhiteElo "2237"]
[BlackElo "2071"]
[PlyCount "91"]
[EventDate "2009.12.27"]
[EventType "swiss"]
[EventRounds "9"]
[EventCountry "POL"]
[SourceTitle "CBM 134 Extra"]
[Source "ChessBase"]
[SourceDate "2010.03.03"]
[SourceVersion "1"]
[SourceVersionDate "2010.03.03"]
[SourceQuality "1"]

1. e4 g6 2. d4 Bg7 3. Nc3 d6 4. Nf3 a6 5. a4 b6 6. Bc4 e6 7. Qe2 Ne7 8. 0-0 0-0 9. Re1 Nd7 10. Bg5 Bb7 11. Rad1 h6 12. Bc1 Re8 13. d5 exd5 14. exd5 Nf6 15. Qd3 Qd7 16. Re2 Qf5 17. Qd2 Kf8 18. h3 Neg8 19. Nd4 Qd7 20. Qd3 Rxe2 21. Ndxe2 Ne7 22. Ng3 h5 23. Bg5 c5 24. Qf3 Neg8 25. Bf4 Re8 26. Qd3 h4 27. Nf1 Ne7 28. Bxa6 Bxd5 29. Bb5 Bc6 30. Qxd6 Bxb5 31. Nxb5 Qb7 32. Be5 Ne4 33. Bxg7+ Kxg7 34. Qf4 Nf5 35. Ne3 Nxe3 36. Qxe3 Re6 37. Nc3 Ng3 38. Qf4 Nf5 39. Kh2 Qc6 40. b3 Qb7 41. Rd8 Qe7 42. Rd5 Re1 43. Nd1 Re2 44. c3 g5 45. Qxf5 Qc7+ 46. f4 1-0